Text editing : (Record no. 22287)
[ view plain ]
| 000 -LEADER | |
|---|---|
| fixed length control field | 01941cam a22003615a 4500 |
| 001 - CONTROL NUMBER | |
| control field | 016600811 |
| 003 - CONTROL NUMBER IDENTIFIER | |
| control field | EG-ScBUE |
| 005 - DATE AND TIME OF LATEST TRANSACTION | |
| control field | 20200205120043.0 |
| 008 - FIXED-LENGTH DATA ELEMENTS--GENERAL INFORMATION | |
| fixed length control field | 160127t2012 be a f b 001 0 eng d |
| 020 ## - INTERNATIONAL STANDARD BOOK NUMBER | |
| International Standard Book Number | 9789057181146 |
| 040 ## - CATALOGING SOURCE | |
| Original cataloging agency | StDuBDS |
| Language of cataloging | eng |
| Description conventions | rda |
| Transcribing agency | StDuBDS |
| Modifying agency | EG-ScBUE |
| 082 04 - DEWEY DECIMAL CLASSIFICATION NUMBER | |
| Classification number | 808.027 |
| Item number | POE |
| Edition number | 22 |
| 100 1# - MAIN ENTRY--PERSONAL NAME | |
| Personal name | Poel, Kris van de, |
| Relator term | author. |
| 9 (RLIN) | 40986 |
| 245 10 - TITLE STATEMENT | |
| Title | Text editing : |
| Remainder of title | a handbook for students and practitioners / |
| Statement of responsibility, etc | Kris Van de Poel, W. A. M. Carstens, John Linnegar. |
| 264 #1 - PUBLICATION, DISTRIBUTION, ETC. (IMPRINT) | |
| Place of publication, distribution, etc | Brussels : |
| Name of publisher, distributor, etc | University Press Antwerp, |
| Date of publication, distribution, etc | [2012] |
| 264 #4 - PUBLICATION, DISTRIBUTION, ETC. (IMPRINT) | |
| Date of publication, distribution, etc | c2012 |
| 300 ## - PHYSICAL DESCRIPTION | |
| Extent | xv, 624 pages : |
| Other physical details | illustrations ; |
| Dimensions | 25 cm |
| 336 ## - CONTENT TYPE | |
| Source | rdacontent |
| Content type term | text |
| Content type code | txt |
| 337 ## - MEDIA TYPE | |
| Source | rdamedia |
| Media type term | unmediated |
| Media type code | n |
| 338 ## - CARRIER TYPE | |
| Source | rdacarrier |
| Carrier type term | volume |
| Carrier type code | nc |
| 500 ## - GENERAL NOTE | |
| General note | "The original Afrikaans edition of this work was published as Teksredaksie (WAM Carsten & Kris Van de Poel) by SUN MeDIA, Stellenbosch, South Africa ..."--Title page verso. |
| 500 ## - GENERAL NOTE | |
| General note | Includes appendices. |
| 504 ## - BIBLIOGRAPHY, ETC. NOTE | |
| Bibliography, etc | Includes bibliographical references and index. |
| 505 ## - FORMATTED CONTENTS NOTE | |
| Formatted contents note | From language practice to model building: the foundations of text editing -- Text as a domain of text editing: an applied model -- The profile of a text editor -- Process and procedure: doing text editing -- The text editor and editorial project management -- Text editing in practice: content -- Text editing in practice: structure -- Text editing in practice: wording -- Text editing in practice: presentation -- Text editing in practice: presentation - visual literacy -- Resources -- Text editing in practice: a comparative analysis of texts. |
| 650 #7 - SUBJECT ADDED ENTRY--TOPICAL TERM | |
| Topical term or geographic name as entry element | Editing |
| Form subdivision | Handbooks, manuals, etc. |
| Source of heading or term | BUEsh |
| 9 (RLIN) | 40989 |
| 651 ## - SUBJECT ADDED ENTRY--GEOGRAPHIC NAME | |
| Source of heading or term | BUEsh |
| 653 ## - INDEX TERM--UNCONTROLLED | |
| Resource For college | Humanities: English |
| Arrived date list | August 2016 |
| 655 ## - INDEX TERM--GENRE/FORM | |
| Form subdivision | Reading book |
| 700 1# - ADDED ENTRY--PERSONAL NAME | |
| Personal name | Carstens, W. A. M, |
| Relator term | author. |
| 9 (RLIN) | 40987 |
| 700 1# - ADDED ENTRY--PERSONAL NAME | |
| Personal name | Linnegar, John, |
| Relator term | author. |
| 9 (RLIN) | 40988 |
| 942 ## - ADDED ENTRY ELEMENTS (KOHA) | |
| Source of classification or shelving scheme | Dewey Decimal Classification |
| Edition | 22 |
| Call number prefix | 808.027 POE |
| Koha item type | Book - Borrowing |
| Withdrawn status | Lost status | Source of classification or shelving scheme | Damaged status | Not for loan | Collection code | Home library | Current library | Shelving location | Date acquired | Source of acquisition | Cost, normal purchase price | Serial Enumeration / chronology | Total Checkouts | Total Renewals | Full call number | Barcode | Checked out | Date last seen | Date checked out | Cost, replacement price | Price effective from | Koha item type |
|---|---|---|---|---|---|---|---|---|---|---|---|---|---|---|---|---|---|---|---|---|---|---|
| Dewey Decimal Classification | Baccah | Central Library | Central Library | Second Floor | 31/08/2016 | Purchase | 1039.00 | 26103 | 2 | 1 | 808.027 POE | 000033162 | 12/02/2022 | 13/01/2022 | 13/01/2022 | 1298.00 | 31/08/2016 | Book - Borrowing |